[Event "CAN-ch"]
[Site "Toronto CAN"]
[Date "2025.04.19"]
[Round "4.9"]
[White "Joseph Benher, Savio"]
[Black "Kaufman, Raymond"]
[Result "0-1"]
[WhiteElo "2108"]
[BlackElo "2216"]
[WhiteFideId "-1"]
[WhiteFideId "-1"]
[PlyCount "107"]
[GameId "2174540456029376"]
[EventDate "2025.04.17"]
[EventType "swiss"]
[EventRounds "9"]
[EventCountry "CAN"]

1. e4 c5 2. Nf3 e6 3. d4 cxd4 4. Nxd4 Nf6 5. Nc3 Nc6 6. Ndb5 d6 7. Bf4 e5 8. Bg5 a6 9. Na3 b5 10. Nd5 Be7 11. Bxf6 Bxf6 12. c4 O-O 13. cxb5 Nd4 14. b6 Bb7 15. Bc4 Bxd5 16. Bxd5 Qxb6 17. Bxa8 Qxb2 18. Rb1 Qxa3 19. Bd5 g6 20. O-O Kg7 21. Rb7 h5 22. Kh1 Qc3 23. Qc1 Ne2 24. Qxc3 Nxc3 25. Rc1 Nxd5 26. exd5 e4 27. Rcc7 g5 28. Kg1 Kg6 29. Kf1 Be5 30. a4 a5 31. Rb5 Ra8 32. Rbb7 f5 33. Re7 g4 34. g3 Rc8 35. Rbc7 Rf8 36. Rc4 h4 37. Ra7 Rb8 38. gxh4 Rb1+ 39. Ke2 Rb2+ 40. Ke1 Bxh2 41. h5+ Kh6 42. Rf7 g3 43. fxg3 Bxg3+ 44. Kd1 e3 45. Re7 Rd2+ 46. Kc1 Be5 47. Rh4 Bb2+ 48. Kb1 e2 49. Re6+ Kg5 50. Rh3 Be5 51. Rg6+ Kf4 52. Rh4+ Kf3 53. Rh3+ Kf2 54. Rh1 0-1

[Event "CAN-ch"]
[Site "Toronto CAN"]
[Date "2025.04.19"]
[Round "4.10"]
[White "Kot, Emanuel"]
[Black "Ng, Gary"]
[Result "0-1"]
[WhiteElo "2103"]
[BlackElo "2210"]
[WhiteFideId "-1"]
[WhiteFideId "-1"]
[PlyCount "88"]
[GameId "2174254231837989"]
[EventDate "2025.04.17"]
[EventType "swiss"]
[EventRounds "9"]
[EventCountry "CAN"]

1. e4 c6 2. d4 d5 3. e5 c5 4. dxc5 e6 5. c3 Bxc5 6. Qg4 Kf8 7. Nf3 h5 8. Qf4 Qb6 9. Ng5 Nh6 10. Bd3 Nf5 11. Bxf5 exf5 12. O-O a5 13. Nd2 a4 14. b4 axb3 15. Nxb3 Be7 16. Be3 Qg6 17. Bc5 Nc6 18. Bxe7+ Nxe7 19. Nd4 h4 20. e6 fxe6 21. Rfe1 Ra6 22. Ndxe6+ Rxe6 23. Nxe6+ Bxe6 24. Re2 h3 25. g3 Nc6 26. Qd6+ Kf7 27. Qc7+ Kg8 28. Qxb7 Bf7 29. Qc7 Rh4 30. f4 Rh6 31. Rb1 Qg4 32. Rb7 Bh5 33. Qd7 Kh7 34. Rbb2 Rg6 35. Qxd5 Qxf4 36. Qd2 Qc4 37. Re1 f4 38. Qf2 fxg3 39. hxg3 Qxc3 40. Rc2 Qd3 41. Kh2 Nd4 42. Rc5 Bg4 43. Qe3 Nf3+ 44. Kh1 Nxe1 0-1

[Event "CAN-ch"]
[Site "Toronto CAN"]
[Date "2025.04.19"]
[Round "4.11"]
[White "Barron, Michael"]
[Black "Duong, Thanh Nha"]
[Result "1/2-1/2"]
[WhiteElo "2062"]
[BlackElo "2182"]
[WhiteFideId "-1"]
[WhiteFideId "-1"]
[PlyCount "135"]
[GameId "2174254231846182"]
[EventDate "2025.04.17"]
[EventType "swiss"]
[EventRounds "9"]
[EventCountry "CAN"]

1. e4 e6 2. d4 d5 3. Bd3 dxe4 4. Bxe4 Nf6 5. Bf3 c5 6. Ne2 Nc6 7. Be3 cxd4 8. Nxd4 Ne5 9. Nc3 Bb4 10. Ndb5 Nxf3+ 11. Qxf3 a6 12. Rd1 Qe7 13. a3 axb5 14. axb4 Qxb4 15. Bd4 e5 16. Bxe5 Bg4 17. Qxb7 O-O 18. f3 Rae8 19. O-O Rxe5 20. fxg4 Qc5+ 21. Kh1 Nxg4 22. Ne4 Qc8 23. Qxc8 Rxc8 24. Nd6 Rd8 25. Kg1 Ne3 26. Nc4 Rxd1 27. Rxd1 Nxd1 28. Nxe5 Nxb2 29. Kf2 f6 30. Nc6 Nc4 31. Na7 Nd6 32. Ke3 Kf7 33. Kd4 Nf5+ 34. Ke4 Nd6+ 35. Kd5 Nc4 36. c3 Ne3+ 37. Kd6 Nxg2 38. Nxb5 Ne3 39. Na3 g5 40. c4 g4 41. c5 Nf5+ 42. Kd5 h5 43. Ke4 Ke6 44. Kf4 Ne7 45. Nc4 Ng6+ 46. Ke4 f5+ 47. Kd4 Ne7 48. Ne5 h4 49. Nd3 Nd5 50. Nf2 Ne7 51. Nd3 Nc6+ 52. Ke3 Kf6 53. Nf4 h3 54. Nd3 Ne5 55. Nf2 Kg5 56. Nh1 f4+ 57. Ke4 Nc6 58. Nf2 Nb4 59. Ke5 f3 60. Ne4+ Kh4 61. Kf5 Nc6 62. Kf4 Nd4 63. Ke5 Nc6+ 64. Kd6 Nb4 65. c6 Nxc6 66. Kxc6 f2 67. Nxf2 g3 68. hxg3+ 1/2-1/2

[Event "CAN-ch"]
[Site "Toronto CAN"]
[Date "2025.04.19"]
[Round "4.12"]
[White "Joseph, Jonath"]
[Black "Wang, Harry"]
[Result "0-1"]
[WhiteElo "2034"]
[BlackElo "2181"]
[WhiteFideId "-1"]
[WhiteFideId "-1"]
[PlyCount "136"]
[GameId "2174254231846183"]
[EventDate "2025.04.17"]
[EventType "swiss"]
[EventRounds "9"]
[EventCountry "CAN"]

1. Nf3 Nf6 2. b3 d5 3. Bb2 Bf5 4. g3 e6 5. Bg2 h6 6. d3 Nbd7 7. Nbd2 Bd6 8. O-O O-O 9. Re1 e5 10. c4 c6 11. e4 dxe4 12. Nxe4 Bxe4 13. dxe4 Qe7 14. Qc2 Rad8 15. a3 a5 16. h3 Rfe8 17. Red1 b6 18. Nh4 Qe6 19. Rd2 g6 20. Rad1 Bc5 21. Kh2 Qe7 22. Nf3 Rc8 23. Ne1 Rc7 24. Qc1 Kh7 25. Nd3 Bd4 26. b4 c5 27. bxa5 bxa5 28. Bc3 Ra7 29. Rb2 Rb8 30. Rdd2 a4 31. Rxb8 Nxb8 32. Rb2 Nc6 33. Rb6 Qc7 34. Rb5 Nd7 35. Bd2 h5 36. Qb1 Kg7 37. Be1 Na5 38. Bxa5 Rxa5 39. Rb7 Qd6 40. f4 h4 41. fxe5 hxg3+ 42. Kh1 Nxe5 43. Nxe5 Bxe5 44. Qf1 Qe6 45. Qd3 Bd4 46. Qxg3 Qxc4 47. Qf4 Qe6 48. Qg4 Qxg4 49. hxg4 c4 50. Bf1 c3 51. Bd3 Bc5 52. Rc7 Bxa3 53. Rxc3 Bb2 54. Rc7 a3 55. Bc4 a2 56. Rxf7+ Kh6 57. Bxa2 Rxa2 58. Rf2 Ra1+ 59. Kg2 Be5 60. Rf8 Kg5 61. Re8 Kf4 62. g5 Kxe4 63. Rf8 Ra2+ 64. Kh3 Rh2+ 65. Kg4 Rg2+ 66. Kh4 Bf4 67. Re8+ Kf3 68. Re1 Rh2# 0-1

[Event "CAN-ch"]
[Site "Toronto CAN"]
[Date "2025.04.19"]
[Round "4.13"]
[White "Windram, James"]
[Black "Gavrilin, Roman"]
[Result "1-0"]
[WhiteElo "1953"]
[BlackElo "2170"]
[WhiteFideId "-1"]
[WhiteFideId "-1"]
[PlyCount "95"]
[GameId "2174254231846184"]
[EventDate "2025.04.17"]
[EventType "swiss"]
[EventRounds "9"]
[EventCountry "CAN"]

1. Nf3 Nf6 2. c4 e6 3. g3 b6 4. Bg2 Bb7 5. O-O Be7 6. Nc3 O-O 7. Re1 c5 8. e4 d6 9. d4 cxd4 10. Nxd4 Qc8 11. b3 a6 12. Bb2 Nbd7 13. Rc1 Rd8 14. Nd5 Bf8 15. f4 Qb8 16. Nxf6+ Nxf6 17. Nc2 Nd7 18. Ne3 b5 19. Kh1 bxc4 20. Rxc4 Nc5 21. Ng4 f5 22. exf5 Bxg2+ 23. Kxg2 Qb7+ 24. Qf3 Qxf3+ 25. Kxf3 exf5 26. Ne3 g6 27. Nd5 Ra7 28. Bd4 Rb7 29. Nf6+ Kf7 30. Nxh7 Be7 31. Bxc5 dxc5 32. Ng5+ Bxg5 33. fxg5 Rd3+ 34. Re3 Rd2 35. Re2 Rd3+ 36. Kf2 Rd5 37. h4 Rb4 38. Rxb4 cxb4 39. Rc2 a5 40. Ke3 Re5+ 41. Kf3 Rd5 42. Rc7+ Kf8 43. Ra7 Ke8 44. Kf4 Kf8 45. h5 gxh5 46. g6 Rd3 47. Kg5 Rd6 48. Kh6 1-0

[Event "CAN-ch"]
[Site "Toronto CAN"]
[Date "2025.04.19"]
[Round "4.14"]
[White "Moses, Neil"]
[Black "Yang, Larry"]
[Result "1-0"]
[WhiteElo "2148"]
[BlackElo "1937"]
[WhiteFideId "-1"]
[WhiteFideId "-1"]
[PlyCount "117"]
[GameId "2174254231846185"]
[EventDate "2025.04.17"]
[EventType "swiss"]
[EventRounds "9"]
[EventCountry "CAN"]

1. e4 c5 2. Nf3 Nc6 3. d4 cxd4 4. Nxd4 g6 5. c4 Bg7 6. Be3 Qb6 7. Nb3 Qd8 8. Nc3 Nf6 9. Be2 O-O 10. O-O d6 11. Nd4 Bd7 12. Nc2 Qa5 13. Na3 Rfc8 14. f3 Ng4 15. fxg4 Bxc3 16. bxc3 Qxa3 17. Qb3 Qxb3 18. axb3 a5 19. c5 Ne5 20. cxd6 exd6 21. Bd4 Be6 22. Ra3 Nd7 23. Rfa1 Nc5 24. c4 Ra6 25. Bd1 Rca8 26. e5 Nd7 27. Bf3 Rb8 28. Rxa5 dxe5 29. Bc3 f6 30. Bd5 Bxd5 31. Rxd5 Rxa1+ 32. Bxa1 Nf8 33. g5 fxg5 34. Bxe5 Re8 35. Bg3 Ne6 36. c5 Kf7 37. b4 Rd8 38. Bd6 h6 39. Kf2 Nc7 40. Re5 Rd7 41. Bxc7 Rxc7 42. Ke3 Kf6 43. Kd4 g4 44. b5 h5 45. b6 Rd7+ 46. Rd5 Re7 47. Rd8 Re1 48. Rf8+ Kg7 49. Rb8 Rd1+ 50. Ke5 Re1+ 51. Kf4 Kf6 52. Rxb7 g5+ 53. Kg3 Rf1 54. Rb8 Kf7 55. b7 Rf4 56. Rf8+ Kxf8 57. b8=Q+ Ke7 58. Qxf4 gxf4+ 59. Kxf4 1-0

[Event "CAN-ch"]
[Site "Toronto CAN"]
[Date "2025.04.19"]
[Round "4.15"]
[White "Zhang, Brian"]
[Black "Dhaliwal, Jaipreet Singh"]
[Result "1/2-1/2"]
[WhiteElo "1951"]
[BlackElo "2109"]
[WhiteFideId "-1"]
[WhiteFideId "-1"]
[PlyCount "154"]
[GameId "2174254231846186"]
[EventDate "2025.04.17"]
[EventType "swiss"]
[EventRounds "9"]
[EventCountry "CAN"]

1. e4 c5 2. Nf3 d6 3. d4 cxd4 4. Nxd4 Nf6 5. Nc3 a6 6. Be2 g6 7. Be3 Bg7 8. O-O O-O 9. a4 Nc6 10. Nb3 Be6 11. f4 Na5 12. Nd4 Bc4 13. Kh1 Rc8 14. Bd3 d5 15. e5 Ne4 16. Nce2 Nc6 17. b3 Bxd3 18. cxd3 Nxd4 19. Nxd4 Nc5 20. b4 Ne6 21. Nxe6 fxe6 22. Qg4 Qd7 23. Bd4 Rf5 24. h4 Bh6 25. g3 Rc2 26. Qd1 Rc8 27. Qd2 Rff8 28. a5 Rc6 29. Rfc1 Rfc8 30. Rc5 Kf7 31. Rac1 Rxc5 32. Bxc5 Qb5 33. Qe3 Rc7 34. Kg2 Qa4 35. Kf3 Qb3 36. Qd4 Qa2 37. Qf2 Qa3 38. Qc2 Bg7 39. Rb1 Bf8 40. Qb3 Qxb3 41. Rxb3 Bg7 42. d4 Ke8 43. b5 axb5 44. Rxb5 Kd7 45. Rb6 h5 46. g4 hxg4+ 47. Kxg4 Bh6 48. Kg3 Bf8 49. Kh3 Bg7 50. h5 gxh5 51. Kh4 Bh6 52. f5 Bd2 53. fxe6+ Kc8 54. Rb5 Rc6 55. Bxe7 Rxe6 56. Bf6 Ra6 57. Rxd5 Bxa5 58. Kxh5 Bc3 59. Kg6 Rc6 60. Kf7 Rc7+ 61. Ke8 b5 62. Rxb5 Bxd4 63. Rd5 Bc3 64. Be7 Rc6 65. Bd6 Be1 66. e6 Bb4 67. Bxb4 Rxe6+ 68. Be7 Rc6 69. Bd6 Rc2 70. Rb5 Rb2 71. Rc5+ Kb7 72. Kd7 Ka6 73. Kc7 Rb7+ 74. Kc8 Rb5 75. Rc3 Rd5 76. Kc7 Kb5 77. Kd7 Rh5 1/2-1/2

[Event "CAN-ch"]
[Site "Toronto CAN"]
[Date "2025.04.19"]
[Round "4.16"]
[White "Darvekar, Yash"]
[Black "Liu, Sean"]
[Result "1/2-1/2"]
[WhiteElo "2024"]
[BlackElo "1937"]
[WhiteFideId "-1"]
[WhiteFideId "-1"]
[PlyCount "84"]
[GameId "2174254231846187"]
[EventDate "2025.04.17"]
[EventType "swiss"]
[EventRounds "9"]
[EventCountry "CAN"]

1. e4 c5 2. Nf3 e6 3. d4 cxd4 4. Nxd4 a6 5. c4 Nf6 6. Nc3 Qc7 7. a3 Nc6 8. Nxc6 bxc6 9. f4 d6 10. Be2 Be7 11. O-O O-O 12. g4 d5 13. e5 Nd7 14. b4 a5 15. Rb1 axb4 16. axb4 Qb6+ 17. c5 Bxc5+ 18. Kh1 Bxb4 19. f5 exf5 20. gxf5 Nxe5 21. f6 Qc5 22. fxg7 Re8 23. Na4 Qe7 24. Bh5 Ng6 25. Bh6 Bd6 26. Bxg6 hxg6 27. Re1 Be6 28. Nc3 Bxh2 29. Qd2 Bg3 30. Bg5 Bxe1 31. Qh2 f6 32. Bxf6 Qxf6 33. Qh8+ Kf7 34. g8=Q+ Rxg8 35. Rb7+ Bd7 36. Rxd7+ Ke6 37. Rd6+ Kxd6 38. Qxf6+ Kc5 39. Qe7+ Kc4 40. Qxe1 Rae8 41. Qc1 Kd3 42. Na4 Ke2 1/2-1/2

[Event "CAN-ch"]
[Site "Toronto CAN"]
[Date "2025.04.19"]
[Round "4.17"]
[White "Li, Adam"]
[Black "Teodoro, Eduardo"]
[Result "0-1"]
[WhiteElo "1960"]
[BlackElo "2350"]
[WhiteFideId "-1"]
[WhiteFideId "-1"]
[PlyCount "78"]
[GameId "2174254231846188"]
[EventDate "2025.04.17"]
[EventType "swiss"]
[EventRounds "9"]
[EventCountry "CAN"]

1. e4 c5 2. Nf3 e6 3. c3 d5 4. exd5 exd5 5. d4 Nf6 6. Be2 cxd4 7. Nxd4 Be7 8. O-O O-O 9. Re1 Nc6 10. Be3 a6 11. a4 Kh8 12. Nd2 Qc7 13. Nf1 Ne4 14. f3 Nd6 15. Bd3 Nc4 16. Bxc4 dxc4 17. Nxc6 Qxc6 18. Qc2 Be6 19. Bf2 b5 20. axb5 Qxb5 21. Ng3 Rfb8 22. Re2 a5 23. Rae1 Bf8 24. h4 a4 25. h5 h6 26. Bd4 Bc5 27. Bxc5 Qxc5+ 28. Kh2 Qg5 29. Re4 Ra5 30. Qf2 Rab5 31. R1e2 Qc1 32. Qa7 Rxb2 33. Rxe6 fxe6 34. Rxe6 Qf4 35. Rg6 Qh4+ 36. Kg1 Rb1+ 37. Nf1 Rxf1+ 38. Kxf1 Rb1+ 39. Ke2 Qe1# 0-1

[Event "CAN-ch"]
[Site "Toronto CAN"]
[Date "2025.04.19"]
[Round "4.18"]
[White "Tan, Brendan"]
[Black "Marchand, Calix"]
[Result "1/2-1/2"]
[WhiteElo "1960"]
[BlackElo "2104"]
[WhiteFideId "-1"]
[WhiteFideId "-1"]
[PlyCount "183"]
[GameId "2174254231846189"]
[EventDate "2025.04.17"]
[EventType "swiss"]
[EventRounds "9"]
[EventCountry "CAN"]

1. e4 c5 2. Nf3 e6 3. g3 Nc6 4. Bg2 d5 5. exd5 exd5 6. d4 Bd6 7. O-O Nge7 8. Nc3 a6 9. dxc5 Bxc5 10. a3 d4 11. Ne2 a5 12. c3 Bg4 13. Nexd4 Bxd4 14. cxd4 Qd7 15. d5 O-O-O 16. Qc2 Qxd5 17. Ng5 Qd3 18. Qxd3 Rxd3 19. Nxf7 Rf8 20. Ng5 h6 21. Ne4 b6 22. Nc3 Bf3 23. Be3 Bxg2 24. Kxg2 Nd5 25. Nxd5 Rxd5 26. Rac1 Kb7 27. Rc3 Rb5 28. Rfc1 Rf6 29. R1c2 Re6 30. Rd3 Ne5 31. Rd8 Rc6 32. Re2 Nc4 33. Bd4 Rc7 34. Rg8 g5 35. Rh8 Rd5 36. Bf6 g4 37. Rxh6 Nd2 38. Rg6 Rc4 39. Bc3 Nb1 40. Re7+ Ka6 41. Ree6 Rb5 42. Bf6 Nd2 43. Bd8 Rxb2 44. Rxb6+ Rxb6 45. Rxb6+ Ka7 46. Rd6 Nf3 47. Rd1 Rc3 48. Bxa5 Rxa3 49. Bb4 Rb3 50. Bc5+ Kb7 51. Be3 Ne5 52. Rd5 Nf3 53. Rd7+ Kc6 54. Rg7 Rb4 55. Bf4 Ne1+ 56. Kf1 Nf3 57. Kg2 Ne1+ 58. Kh1 Nd3 59. Be3 Rb1+ 60. Kg2 Ne1+ 61. Kf1 Nf3+ 62. Ke2 Nxh2 63. Kd3 Rb4 64. Rg5 Nf3 65. Rc5+ Kd6 66. Rc8 Kd7 67. Rg8 Ke6 68. Bf4 Kf7 69. Rxg4 Ne5+ 70. Bxe5 Rxg4 71. Ke3 Ke6 72. Kf3 Rb4 73. Bf4 Kd5 74. Kg4 Rb3 75. f3 Rc3 76. Bh6 Rc4+ 77. Kf5 Rc6 78. Bg7 Rc7 79. Bf6 Rb7 80. g4 Kd6 81. f4 Kd7 82. g5 Ke8 83. g6 Kf8 84. Kg5 Rb5+ 85. Kh6 Rf5 86. Be5 Kg8 87. Bd6 Kh8 88. g7+ Kg8 89. Kg6 Rf7 90. Be5 Re7 91. Bf6 Rxg7+ 92. Bxg7 1/2-1/2

[Event "CAN-ch"]
[Site "Toronto CAN"]
[Date "2025.04.19"]
[Round "4.19"]
[White "Siddeley, Hugh"]
[Black "Zhong, Ryan Yunhui"]
[Result "0-1"]
[WhiteElo "1923"]
[BlackElo "2078"]
[WhiteFideId "-1"]
[WhiteFideId "-1"]
[PlyCount "60"]
[GameId "2174254231846190"]
[EventDate "2025.04.17"]
[EventType "swiss"]
[EventRounds "9"]
[EventCountry "CAN"]

1. e4 e6 2. d4 d5 3. Nc3 Nf6 4. e5 Nfd7 5. f4 c5 6. Nf3 Nc6 7. Be3 a6 8. Qd2 b5 9. dxc5 Bxc5 10. Ne2 Qb6 11. Bxc5 Nxc5 12. Ned4 Bb7 13. Nxc6 Bxc6 14. Qd4 a5 15. Bd3 b4 16. O-O Rb8 17. b3 O-O 18. Rae1 Rfc8 19. Rf2 Bb5 20. Rd2 a4 21. bxa4 Nxa4 22. Qxb6 Rxb6 23. Nd4 Bc4 24. f5 Nc3 25. fxe6 fxe6 26. Re3 Nxa2 27. h4 Bxd3 28. Rdxd3 Rc4 29. h5 h6 30. Rg3 Nc1 0-1

[Event "CAN-ch"]
[Site "Toronto CAN"]
[Date "2025.04.19"]
[Round "4.20"]
[White "Zhang, Daniel"]
[Black "Gao, Heye"]
[Result "0-1"]
[WhiteElo "1909"]
[BlackElo "2003"]
[WhiteFideId "-1"]
[WhiteFideId "-1"]
[PlyCount "86"]
[GameId "2174254231846191"]
[EventDate "2025.04.17"]
[EventType "swiss"]
[EventRounds "9"]
[EventCountry "CAN"]

1. e4 e5 2. Nf3 Nc6 3. d4 exd4 4. Nxd4 Nf6 5. Nxc6 bxc6 6. Bd3 d5 7. exd5 cxd5 8. O-O Be7 9. Re1 O-O 10. h3 c5 11. b3 Rb8 12. Bf4 Bd6 13. Bg5 h6 14. Bh4 Rb4 15. c4 d4 16. Nd2 Bb7 17. Be4 g5 18. Bxb7 Rxb7 19. Qf3 Re7 20. Bg3 Rfe8 21. Rxe7 Qxe7 22. Bxd6 Qxd6 23. Nf1 Qe6 24. Ng3 Ne4 25. Nxe4 Qxe4 26. Qxe4 Rxe4 27. Kf1 Kf8 28. Rd1 Ke7 29. Rd3 f5 30. g3 Kd6 31. a3 a5 32. Rf3 Ke5 33. Rd3 h5 34. Rf3 g4 35. hxg4 hxg4 36. Rd3 f4 37. gxf4+ Rxf4 38. Ke2 Ke4 39. Rg3 d3+ 40. Ke1 Kd4 41. Rg2 Kc3 42. Rg3 Kc2 43. Rg1 d2+ 0-1

[Event "CAN-ch"]
[Site "Toronto CAN"]
[Date "2025.04.19"]
[Round "4.21"]
[White "Lu, Tony"]
[Black "Lu, Eddie"]
[Result "1/2-1/2"]
[WhiteElo "1999"]
[BlackElo "1889"]
[WhiteFideId "-1"]
[WhiteFideId "-1"]
[PlyCount "62"]
[GameId "2174254231846192"]
[EventDate "2025.04.17"]
[EventType "swiss"]
[EventRounds "9"]
[EventCountry "CAN"]

1. c4 c5 2. Nf3 Nf6 3. d4 cxd4 4. Nxd4 e5 5. Nb5 d5 6. cxd5 Bc5 7. e3 O-O 8. N5c3 Bf5 9. a3 Nbd7 10. b4 Bb6 11. Nd2 Bd4 12. exd4 exd4 13. Ne2 d3 14. Nc4 dxe2 15. Bxe2 Be4 16. O-O Nxd5 17. Qd2 N7b6 18. Rd1 Rc8 19. Nxb6 Qxb6 20. Bd3 Bxd3 21. Qxd3 Qf6 22. Bg5 Qxg5 23. Qxd5 Qxd5 24. Rxd5 Rfd8 25. Rxd8+ Rxd8 26. Rc1 g5 27. h4 gxh4 28. Rc7 Rd1+ 29. Kh2 Ra1 30. Rxb7 Rxa3 31. f3 a5 1/2-1/2

[Event "CAN-ch"]
[Site "Toronto CAN"]
[Date "2025.04.19"]
[Round "4.22"]
[White "Zhao, Jifan"]
[Black "Bao, Tony"]
[Result "0-1"]
[WhiteElo "1890"]
[BlackElo "1979"]
[WhiteFideId "-1"]
[WhiteFideId "-1"]
[PlyCount "82"]
[GameId "2174254231854385"]
[EventDate "2025.04.17"]
[EventType "swiss"]
[EventRounds "9"]
[EventCountry "CAN"]

1. e4 c5 2. Nf3 d6 3. Bb5+ Nd7 4. d4 cxd4 5. Qxd4 a6 6. Bxd7+ Bxd7 7. Nc3 e5 8. Qd3 Rc8 9. O-O h6 10. Be3 Nf6 11. a4 Qa5 12. Rfd1 Be7 13. Ne2 Qb4 14. Nd2 Bxa4 15. c3 Qb5 16. c4 Qd7 17. b3 Bc6 18. Nc3 O-O 19. Nf1 Qg4 20. f3 Qg6 21. Ng3 Bd7 22. Nd5 Nxd5 23. Qxd5 Rc6 24. Kh1 Rfc8 25. Rac1 h5 26. Ne2 Be6 27. Qd3 h4 28. Nc3 h3 29. g3 f5 30. Nd5 Bd8 31. Bf2 fxe4 32. fxe4 Bg4 33. Rf1 Kh7 34. Be1 Qh5 35. Rc2 b5 36. Rf8 Bb6 37. Rf1 bxc4 38. bxc4 Rxc4 39. Nf6+ gxf6 40. Rxc4 Rxc4 41. Rxf6 Rc1 0-1

[Event "CAN-ch"]
[Site "Toronto CAN"]
[Date "2025.04.19"]
[Round "4.23"]
[White "Xu, Leon"]
[Black "Blair, Michael"]
[Result "1-0"]
[WhiteElo "1969"]
[BlackElo "1840"]
[WhiteFideId "-1"]
[WhiteFideId "-1"]
[PlyCount "163"]
[GameId "2174254231854386"]
[EventDate "2025.04.17"]
[EventType "swiss"]
[EventRounds "9"]
[EventCountry "CAN"]

1. e4 c5 2. Nf3 e6 3. d4 cxd4 4. Nxd4 Nc6 5. Nc3 Qc7 6. Be3 a6 7. Be2 Nf6 8. a3 b5 9. Nxc6 dxc6 10. f4 Bb7 11. Bf3 Be7 12. O-O O-O 13. Qe2 c5 14. e5 Nd5 15. Nxd5 Bxd5 16. Bxd5 exd5 17. c3 Rad8 18. Rad1 Rd7 19. Bf2 Rfd8 20. e6 fxe6 21. Qxe6+ Kh8 22. Qxa6 b4 23. axb4 cxb4 24. Bd4 bxc3 25. bxc3 Bc5 26. f5 Bxd4+ 27. cxd4 Rd6 28. Qe2 Qf7 29. Qe5 Qf6 30. g4 h6 31. Rfe1 Kh7 32. Qg3 g6 33. fxg6+ Qxg6 34. Re7+ Kg8 35. Rde1 Rb6 36. h3 Rb1 37. Rxb1 Qxb1+ 38. Re1 Qb8 39. Qxb8 Rxb8 40. Re5 Rb5 41. Kg2 Kg7 42. h4 Ra5 43. Kf3 Kf6 44. Kf4 Ra1 45. Rxd5 Rf1+ 46. Ke3 Re1+ 47. Kf2 Rd1 48. Rd6+ Kg7 49. h5 Rd3 50. Ke2 Rg3 51. Rg6+ Kf7 52. Kf2 Rd3 53. Rxh6 Rxd4 54. Kg3 Kg7 55. Rg6+ Kh7 56. Kh4 Ra4 57. Rf6 Kg7 58. Rf5 Ra1 59. Kg5 Ra6 60. h6+ Kh7 61. Rf7+ Kg8 62. Rf6 Ra4 63. Rb6 Rc4 64. Rb7 Ra4 65. Kh5 Ra5+ 66. g5 Rc5 67. Kg4 Rc4+ 68. Kf3 Rc6 69. Re7 Rg6 70. Kf4 Ra6 71. Kf5 Ra1 72. g6 Rf1+ 73. Ke6 Re1+ 74. Kd6 Rd1+ 75. Kc5 Rc1+ 76. Kd4 Rd1+ 77. Kc3 Rc1+ 78. Kd2 Rc8 79. Kd3 Ra8 80. Kc4 Rc8+ 81. Kb5 Rf8 82. h7+ 1-0

[Event "CAN-ch"]
[Site "Toronto CAN"]
[Date "2025.04.19"]
[Round "4.24"]
[White "Trofimov-Malyshkin, Valentyn"]
[Black "Cheng, Adrien"]
[Result "1-0"]
[WhiteElo "1982"]
[BlackElo "1801"]
[WhiteFideId "-1"]
[WhiteFideId "-1"]
[PlyCount "55"]
[GameId "2174254231854387"]
[EventDate "2025.04.17"]
[EventType "swiss"]
[EventRounds "9"]
[EventCountry "CAN"]

1. d4 d5 2. c4 e6 3. Nc3 Nf6 4. cxd5 exd5 5. Bf4 Bd6 6. Bg3 O-O 7. e3 Nc6 8. Bd3 Re8 9. Nge2 Nb4 10. Bb1 c6 11. a3 Na6 12. O-O Nc7 13. Bd3 Ne6 14. Qc2 g6 15. b4 a6 16. f3 Nh5 17. Bf2 Qc7 18. h3 Bg3 19. Nxg3 Nxg3 20. Rfe1 Nh5 21. g4 Ng5 22. Kg2 Qd7 23. Bh4 Qc7 24. Qf2 Nxh3 25. Kxh3 Rxe3 26. Qxe3 Nf4+ 27. Kh2 Nxd3+ 28. Bg3 1-0

[Event "CAN-ch"]
[Site "Toronto CAN"]
[Date "2025.04.19"]
[Round "4.25"]
[White "Wu, Nathan"]
[Black "Mok, Yuen Tak"]
[Result "0-1"]
[WhiteElo "2083"]
[BlackElo "1948"]
[WhiteFideId "-1"]
[WhiteFideId "-1"]
[PlyCount "68"]
[GameId "2174254231854388"]
[EventDate "2025.04.17"]
[EventType "swiss"]
[EventRounds "9"]
[EventCountry "CAN"]

1. d4 d5 2. Nc3 c5 3. e4 dxe4 4. d5 Nf6 5. Bf4 a6 6. Qe2 g6 7. O-O-O Bg7 8. Nxe4 Nxe4 9. Qxe4 O-O 10. Qe3 Nd7 11. Bh6 Nf6 12. Bxg7 Kxg7 13. Qxc5 Bf5 14. Bd3 Rc8 15. Qd4 Bxd3 16. Rxd3 Qa5 17. g4 e5 18. Qxe5 Rfe8 19. Qg3 Re1+ 20. Rd1 Rxd1+ 21. Kxd1 Qxd5+ 22. Ke1 Qxh1 23. f3 Rxc2 24. g5 Nd7 25. f4 Rc1+ 26. Kf2 Qxg1+ 27. Qxg1 Rxg1 28. Kxg1 Kf8 29. Kf2 Ke7 30. Ke3 Kd6 31. Kd4 f5 32. b4 Nf8 33. a4 Ne6+ 34. Kd3 Kd5 0-1

[Event "CAN-ch"]
[Site "Toronto CAN"]
[Date "2025.04.19"]
[Round "4.26"]
[White "Hoekman, Samuel"]
[Black "Malakar, Saarthak"]
[Result "1-0"]
[WhiteElo "1994"]
[BlackElo "1930"]
[WhiteFideId "-1"]
[WhiteFideId "-1"]
[PlyCount "67"]
[GameId "2174254231854389"]
[EventDate "2025.04.17"]
[EventType "swiss"]
[EventRounds "9"]
[EventCountry "CAN"]

1. d4 d5 2. c4 c6 3. cxd5 cxd5 4. Bf4 Nf6 5. Nc3 Nc6 6. e3 e6 7. Bd3 Bd6 8. Bxd6 Qxd6 9. f4 a6 10. a3 b5 11. Nf3 Bb7 12. O-O Rc8 13. Ne5 h5 14. Qf3 g6 15. Qg3 Ne7 16. Qh4 Ne4 17. Bxe4 dxe4 18. g4 Rh7 19. Rac1 Kf8 20. Qf6 Kg8 21. gxh5 Rxh5 22. Qxf7+ Kh8 23. Nxe4 Bxe4 24. Rxc8+ Nxc8 25. Qe8+ Kg7 26. Qxc8 Kf6 27. Rc1 Rh7 28. Rc5 Bf5 29. Rc6 Qe7 30. d5 g5 31. d6 Qa7 32. Qf8+ Rf7 33. Qh6+ Bg6 34. Qxg6# 1-0

[Event "CAN-ch"]
[Site "Toronto CAN"]
[Date "2025.04.19"]
[Round "4.27"]
[White "Wang, Nathan"]
[Black "Kola, Venkat Karthikeya R"]
[Result "1/2-1/2"]
[WhiteElo "1977"]
[BlackElo "1940"]
[WhiteFideId "-1"]
[WhiteFideId "-1"]
[PlyCount "117"]
[GameId "2174254231854390"]
[EventDate "2025.04.17"]
[EventType "swiss"]
[EventRounds "9"]
[EventCountry "CAN"]

1. e4 c5 2. Nf3 d6 3. Bb5+ Nd7 4. Ba4 Ngf6 5. O-O a6 6. c4 g6 7. Nc3 Bg7 8. d4 cxd4 9. Qxd4 O-O 10. Qe3 Nc5 11. Bc2 Be6 12. Qe2 Rc8 13. Be3 Bg4 14. h3 Bxf3 15. Qxf3 Ncd7 16. Qe2 Ne5 17. Bb3 Nfd7 18. Rac1 Nc5 19. Bc2 Ne6 20. Nd5 Nc5 21. b4 Ncd7 22. Bb3 e6 23. Nf4 Nc6 24. Qd2 Nf6 25. f3 Qe7 26. a3 Rfd8 27. Bb6 Rd7 28. Rfe1 Bh6 29. Be3 Qd8 30. Red1 Ne5 31. Ne2 Bxe3+ 32. Qxe3 Qe7 33. f4 Nc6 34. Nc3 Rcd8 35. Kh2 Qf8 36. Qf3 Qh6 37. g3 e5 38. Ba4 Re7 39. Bxc6 bxc6 40. fxe5 Ne8 41. exd6 Rxd6 42. c5 Rd2+ 43. Ne2 Red7 44. Rxd2 Qxd2 45. Rf1 Ng7 46. Rf2 Ne6 47. h4 a5 48. e5 axb4 49. axb4 Qxb4 50. Qxc6 Qxc5 51. Qxc5 Nxc5 52. Nf4 Nd3 53. Nxd3 Rxd3 54. Rc2 Kf8 55. e6 f5 56. Ra2 Re3 57. Ra7 h5 58. Rf7+ Kg8 59. Re7 1/2-1/2

[Event "CAN-ch"]
[Site "Toronto CAN"]
[Date "2025.04.19"]
[Round "5.2"]
[White "Rodrigue-Lemieux, Shawn"]
[Black "Yang, Ryan"]
[Result "1-0"]
[WhiteElo "2505"]
[BlackElo "2350"]
[WhiteFideId "-1"]
[WhiteFideId "-1"]
[PlyCount "101"]
[GameId "2170886164653417"]
[EventDate "2025.04.17"]
[EventType "swiss"]
[EventRounds "9"]
[EventCountry "CAN"]

1. e4 e5 2. Nf3 Nc6 3. Bc4 Bc5 4. d3 Nf6 5. Nc3 h6 6. O-O a6 7. a4 d6 8. Be3 Nd4 9. Bxd4 exd4 10. Ne2 Bg4 11. Ng3 Nd7 12. h3 Bxf3 13. Qxf3 Ne5 14. Qe2 g6 15. Bb3 Qe7 16. f4 Nd7 17. e5 dxe5 18. fxe5 Rf8 19. e6 fxe6 20. Bxe6 O-O-O 21. Qg4 Qg5 22. Qxg5 hxg5 23. Ne4 Be7 24. Kh2 c6 25. Kg3 Kc7 26. Bxd7 Kxd7 27. Kg4 Ke8 28. Nxg5 Bxg5 29. Kxg5 Rd5+ 30. Kh6 Rdf5 31. Rae1+ Kd7 32. Rxf5 Rxf5 33. Re2 g5 34. Kg6 Ra5 35. b3 Rc5 36. g3 b5 37. h4 gxh4 38. gxh4 bxa4 39. bxa4 Ra5 40. h5 Rxa4 41. h6 Ra1 42. Rg2 Rh1 43. h7 a5 44. Rg5 a4 45. Rh5 Rg1+ 46. Kh6 a3 47. h8=Q c5 48. Rd5+ Ke6 49. Qe5+ Kf7 50. Rd7+ Kg8 51. Qe8# 1-0